| 000 | 00350nam a2200145Ia 4500 | ||
|---|---|---|---|
| 001 | 9498 | ||
| 003 | GE_BSU | ||
| 008 | 181216s||||||||xx |||||||||||||| ||und|| | ||
| 020 | _a9770013061220 | ||
| 040 | _cGE_BSU | ||
| 245 | 4 | _aThe Economist, march 22nd-28th 2014. volume 410 number 8879 | |
| 300 | _a82p.27cm. | ||
| 653 | _aThe Economist | ||
| 942 | _cCR | ||
| 999 |
_c42792 _d42792 |
||